Trends in private investment in developing countries statistics for 1970 - 2000 and the impact on private investment of corruption and the quality of public investment

Сохранить в:
Библиографические подробности
Главный автор: Everhart, Stephen S.
Формат:
Язык:Undetermined
Опубликовано: Washington DC World Bank 2001
Предметы:
Метки: Добавить метку
Нет меток, Требуется 1-ая метка записи!
Thư viện lưu trữ: Trung tâm Học liệu Trường Đại học Cần Thơ
LEADER 00651nam a2200181Ia 4500
001 CTU_62790
008 210402s9999 xx 000 0 und d
082 |a 332.6 
082 |b E93 
100 |a Everhart, Stephen S. 
245 0 |a Trends in private investment in developing countries statistics for 1970 - 2000 and the impact on private investment of corruption and the quality of public investment 
245 0 |c Stephen S. Everhart, Mariusz A. Sumlinski 
260 |a Washington DC 
260 |b World Bank 
260 |c 2001 
650 |a Foreign Investment 
904 |i Nguyên sửa 
980 |a Trung tâm Học liệu Trường Đại học Cần Thơ